CultureShock! : a survival guide to customs and etiquette :

Bibliographic Details
Main Author: Taylor, Sally Adamson
Format: Book
Published: NY : Marshall Cavendesh Corporation , 2008
Series:CultureShock!
Subjects:

MARC

LEADER 00000cam a2200000 7i4500
001 0000046155
005 20150308.0
008 150308
020 |a 9780761454809 
090 0 0 |a 944   |b TAY 
100 1 |a Taylor, Sally Adamson 
245 1 0 |a CultureShock! :   |b a survival guide to customs and etiquette :   |b France   |c Sally Adamson Taylor 
260 |a NY :   |b Marshall Cavendesh Corporation ,   |c 2008 
440 |a CultureShock! 
650 0 |a Etiquette   |z France   |x Handbooks, manual, etc 
650 0 |a France   |x Social life & customs   |x 221st century   |x Handbooks, manual, etc 
650 0 |a National characteristic   |z French 
999 |a 0001336018   |b Book   |c Adult Collection   |e Perbadanan Perpustakaan Awam Johor